00573nam a22002177a 4500003000500000005001700005008004100022010001000063011001000073020001500083035001100098040000900109082001300118100002300131245006100154260005900215300001100274650002200285650002500307650002300332CHAP20220817044128.0061010d1983 au r 00110 eng d a92859 a93831 a0724222006 a104412 cCHAP04a634bP351 aPage, P. E.ecomp.10aTropical tree fruits for Australiac/comp. by P. E. Page aQueensland :bDepartment of Primary Industries,c1983. a226 p.14aArboles frutales.14aCultivos tropicales.14aFrutaxTrópicos.